| 000 | 00403nam a2200169Ia 4500 | ||
|---|---|---|---|
| 008 | 230524s9999 xx 000 0 und d | ||
| 020 | _a8174092161 | ||
| 082 |
_a629.222 _bGIR |
||
| 100 | _aN.K. Giri | ||
| 245 | 0 | _aAutomobile Mechanics | |
| 250 | _a8 | ||
| 260 |
_aNew Delhi _bKhanna Publisher _c2012 |
||
| 300 | _a"1;1015p," | ||
| 500 | _aQuantity Number: 2 | ||
| 650 | _aMechanics | ||
| 942 | _cBK | ||
| 999 |
_c54348 _d54348 |
||